00653cas a22002053 45000010009000000050017000090080041000260100017000670400019000840430012001030500008001150820008001232450029001312600052001603000024002123100012002366500058002487100062003062700079003681056267220020613163012.0851018u xx u 0 0 0und  asa 64000233  aDLCcCarPdDLC aa-ii--- aLAW a340 aCurrent Indian statutes. aChandigarhc[n.d.]bThe Current Indian statutes av.btables.c27 cm. aMonthly aLaw reports, digests, etc.zIndia. [from old catalog] aIndia (Republic)kLaws, statutes, etc. [from old catalog] a36, Sector 9-A, bChandigarhe160017k2742063l4642878mimsuri@hotmail.com